000 00353nam a22001577a 4500
003 CEME
005 20210628203031.0
008 210128b xxu||||| |||| 00| 0 eng d
040 _c.
082 _a891.4393 MUM
100 _aMumtaz Mufti
_9370
245 _aKahee na jaey
260 _aLAHORE
_bFEROZ SONS
_c1992
300 _a177P
942 _cBK
_2ddc
999 _c571913
_d571913